Southville International School and Colleges
Your cart is empty.
  • Cart
  • Lists
    Public lists Eva Luna New books Lux_list list_1
    Your lists Log in to create your own lists
  • Log in to your account
  • Your cookies
  • Search history
Southville International School and Colleges
  • Advanced search
  • Recent comments
  • Most popular
  • Libraries

Log in to your account

Log in with GOOGLE


If you do not have an external account, but do have a local account, you can still log in:

  1. Home
  2. MARC view: The innovation secrets of Steve Jobs :
Normal view MARC view ISBD view

The innovation secrets of Steve Jobs : (Record no. 344492)

[ view plain ]
MARC details
000 -LEADER
fixed length control field 00780nam a2200289Ia 4500
003 - CONTROL NUMBER IDENTIFIER
control field 545
005 - DATE AND TIME OF LATEST TRANSACTION
control field 20180117131905.0
008 - FIXED-LENGTH DATA ELEMENTS--GENERAL INFORMATION
fixed length control field 171025s9999 xx 000 0 und d
020 ## - INTERNATIONAL STANDARD BOOK NUMBER
International Standard Book Number 9781259071317
050 ## - LIBRARY OF CONGRESS CALL NUMBER
Classification number 658.4
050 ## - LIBRARY OF CONGRESS CALL NUMBER
Item number G172 2011
100 ## - MAIN ENTRY--PERSONAL NAME
Personal name Gallo, Carmine
245 ## - TITLE STATEMENT
Title The innovation secrets of Steve Jobs :
245 ## - TITLE STATEMENT
Remainder of title insanely different : principles for breakthrough success /
245 ## - TITLE STATEMENT
Statement of responsibility, etc by Carmine Gallo.
260 ## - PUBLICATION, DISTRIBUTION, ETC. (IMPRINT)
Place of publication, distribution, etc Philippines :
260 ## - PUBLICATION, DISTRIBUTION, ETC. (IMPRINT)
Name of publisher, distributor, etc McGraw Hill,
260 ## - PUBLICATION, DISTRIBUTION, ETC. (IMPRINT)
Date of publication, distribution, etc 2011
300 ## - PHYSICAL DESCRIPTION
Extent xiii, 241 pages :
300 ## - PHYSICAL DESCRIPTION
Other physical details illustrations ;
300 ## - PHYSICAL DESCRIPTION
Dimensions 23cm.
500 ## - GENERAL NOTE
General note Includes notes and index.
650 ## - SUBJECT ADDED ENTRY--TOPICAL TERM
Topical term or geographic name as entry element New products -- Technological innovations.
650 ## - SUBJECT ADDED ENTRY--TOPICAL TERM
Topical term or geographic name as entry element Creative thinking.
700 ## - ADDED ENTRY--PERSONAL NAME
Personal name Title.
942 ## - ADDED ENTRY ELEMENTS (KOHA)
Source of classification or shelving scheme Dewey Decimal Classification
Koha item type Books
Holdings
Withdrawn status Lost status Damaged status Home library Current library Date acquired Total Checkouts Full call number Barcode Date last seen Price effective from Koha item type
      Stonyhurst Southville International School (Malarayat) Stonyhurst Southville International School (Malarayat) 10/25/2017   SHS 162 Ag259 2007 SSISM3545 10/25/2017 10/25/2017 Books

The innovation secrets of Steve Jobs :

APA

Gallo C., Title, .The innovation secrets of Steve Jobs. Philippines: .

Chicago

Gallo Carmine, Title, .The innovation secrets of Steve Jobs. Philippines: .

Harvard

Gallo C., Title, .The innovation secrets of Steve Jobs. Philippines: .

MLA

Gallo Carmine, Title, .Philippines: . .

  • Place hold
  • Print
  • Cite
  • Add to your cart (remove)
  • Save record
    BIBTEX Dublin Core MARCXML MARC (non-Unicode/MARC-8) MARC (Unicode/UTF-8) MARC (Unicode/UTF-8, Standard) MODS (XML) RIS
  • More searches
    Search for this title in:
    Other Libraries (WorldCat) Other Databases (Google Scholar) Online Stores (Bookfinder.com) Open Library (openlibrary.org)

Exporting to Dublin Core...

SOUTHVILLE LIBRARY

Southville International School and Colleges Library

1281 Tropical Ave. Cor. Luxembourg St., BF Homes International, Las Pinas City

Tel. No. 8256374 / 252358 Loc. 117/146

Powered by Koha